000 00329nam a22001457a 4500
008 210308b ||||| |||| 00| 0 eng d
020 _a9780073397429
041 _aeng
080 _222nd
_a159.9
082 _a159.9
100 _a48
101 _aPSI
245 _aDrigs, Society, and Behavior
_cWilson, H.T
942 _2udc
_cBK
999 _c55959
_d55959